000 00672nam a2200217 i 4500
001 59167
003 ES-MaACL
005 20230906163959.0
007 t|
008 031027s1976 fr ||||1| fre d
020 _a2-7021-0117-8
100 1 _aElias, Norbert.
_946969
245 1 3 _aLa dynamique de l'occident /
_cNorbert Elias ; traduit de l'allemand par Pierre Kamnitzer.
260 _aParís :
_bCalmann-Lévy,
_c[1976]
300 _a328 p. ;
_c21 cm.
490 1 _aArchives des sciences sociales
700 1 _aKamnitzer, Pierre.
_967479
830 0 _aArchives des sciences sociales
_9230504
852 _aES-MaACL
_jL-11446
_bR.112916
999 _c59167
_d59167